Equalization of true gift and estate tax rates (Registro nro. 25804)

Detalles MARC
000 -LEADER
fixed length control field 00337 a2200109 4500
001 - CONTROL NUMBER
control field ART_11758
005 - DATE AND TIME OF LATEST TRANSACTION
control field 20260410161900.0
008 - FIXED-LENGTH DATA ELEMENTS--GENERAL INFORMATION
fixed length control field 260409a
100 1# - MAIN ENTRY--PERSONAL NAME
Personal name Adams, James D.
245 10 - TITLE STATEMENT
Title Equalization of true gift and estate tax rates
773 0# - HOST ITEM ENTRY
Title Journal of public economics
Related parts - Vol. 9, Nº 1 (feb. 1978)
Record control number REV11485

No hay ítems disponibles.